|
|
|
|
| LEADER |
01066nam a2200277 u 4500 |
| 001 |
10008655 |
| 003 |
upatras |
| 005 |
20210117204110.0 |
| 008 |
881025s1994 eng |
| 020 |
|
|
|a 0674506413
|
| 040 |
|
|
|a GR-PaULI
|c GR-PaULI
|
| 041 |
0 |
|
|a eng
|
| 082 |
0 |
4 |
|a 331
|
| 245 |
1 |
0 |
|a Labor economics and industrial relations
|b markets and institutions
|c Edited by Clark Kerr and Paul D. Staudohar
|
| 260 |
|
|
|a Cambridge
|b Harvard University Press
|c 1994
|
| 300 |
|
|
|a xxxvii, 704 p.
|b tab.
|c 23 cm
|
| 504 |
|
|
|a Includes index
|
| 650 |
|
4 |
|a Αγορά εργασίας
|9 806
|
| 650 |
|
4 |
|a Οικονομική της εργασίας
|9 1607
|
| 650 |
|
4 |
|a Οικονομική ανάλυση
|9 1830
|
| 700 |
1 |
|
|a Kerr, Clark
|9 122553
|
| 700 |
1 |
|
|a Staudohar, Paul D.
|9 122554
|
| 852 |
|
|
|a GR-PaULI
|b ΠΑΤΡΑ
|b ΒΚΠ
|k ΑΣΧΞ
|h 331 KER
|m 19460
|p 025000063961
|t 1
|
| 942 |
|
|
|2 ddc
|c BK15
|
| 952 |
|
|
|0 0
|1 0
|4 0
|6 331_000000000000000_KER
|7 0
|9 135035
|a LISP
|b LISP
|d 2016-04-24
|i 19460
|l 0
|o 331 KER
|p 025000063961
|r 2016-04-24 00:00:00
|t 1
|w 2016-04-24
|y BK15
|
| 999 |
|
|
|c 88449
|d 88449
|